书目信息 |
| 题名: |
科学练声
|
|
| 作者: | 甄立夫 著 | |
| 分册: | ||
| 出版信息: | 北京 中国传媒大学出版社 2005.06 |
|
| 页数: | 291页 | |
| 开本: | 20cm | |
| 丛书名: | ||
| 单 册: | ||
| 中图分类: | J616.1 | |
| 科图分类: | ||
| 主题词: | 发声法--fa sheng fa | |
| 电子资源: | ||
| ISBN: | 978-7-81085-481-8 | |
| 000 | 00707nam0 2200229 450 | |
| 001 | 012008936902 | |
| 005 | 20080115171320.32 | |
| 010 | @a978-7-81085-481-8@dCNY22.00 | |
| 100 | @a20080115d2005 em y0chiy0120 ea | |
| 101 | 0 | @achi |
| 102 | @aCN@b110000 | |
| 105 | @ay z 000yy | |
| 106 | @ar | |
| 200 | 1 | @a科学练声@Ake xue lian sheng@f甄立夫著@Fzhen li fu zhu |
| 210 | @a北京@c中国传媒大学出版社@d2005.06 | |
| 215 | @a291页@d20cm | |
| 330 | @a本书是作者的发声方法的可操作性的出发点,揭示了人类噪声表达内在的发声原理,并系统地加以阐述。 | |
| 606 | 0 | @a发声法@Afa sheng fa |
| 690 | @aJ616.1@v4 | |
| 701 | 0 | @a甄立夫@Azhen li fu@4著 |
| 801 | 0 | @aCN@bQSSK@c20080115 |
| 905 | @b279029-31@dJ616.1@eZ408@f3 | |
| 科学练声/甄立夫著.-北京:中国传媒大学出版社,2005.06 |
| 291页;20cm |
| ISBN 978-7-81085-481-8:CNY22.00 |
| 本书是作者的发声方法的可操作性的出发点,揭示了人类噪声表达内在的发声原理,并系统地加以阐述。 |
| ● |
| 相关链接 |
|
|
|
正题名:科学练声
索取号:J616.1/Z408
 
预约/预借
| 序号 | 登录号 | 条形码 | 馆藏地/架位号 | 状态 | 备注 |
| 1 | 279029 | 202790293 | 社科库309/309社科库 92排2列5层/ [索取号:J616.1/Z408] | 在馆 | |
| 2 | 279030 | 202790300 | 社科库309/309社科库 92排2列5层/ [索取号:J616.1/Z408] | 在馆 | |
| 3 | 279031 | 202790319 | 社科库309/309社科库 92排2列5层/ [索取号:J616.1/Z408] | 在馆 |